000 00744nam a2200217 i 4500
001 99552
003 ES-MaACL
005 20230906182521.0
007 t|
008 050913s1981 sp ||||1| spa d
020 _a84-7140-195-99
100 1 _aMartínez Bande, José Manuel.
_977883
245 1 3 _aLa batalla de Pozablanco y el cierre de la bolsa de Mérida /
_cJosé Manuel Martínez Bande.
260 _aMadrid :
_bSan Martín,
_c1981.
300 _a368 p., 14 h. map. pleg. 12 h., de lám. ;
_c24 cm.
490 1 _aMonografías de la Guerra de España ;
_v15
504 _aBibliografía: p. 367-368.
830 0 _aMonografías de la Guerra de España ;
_v15
_9184535
852 _aES-MaACL
_jL-10623
_bR.112632
999 _c99552
_d99552